| 000 | 00487nam a2200133 a 4500 | ||
|---|---|---|---|
| 001 | 000038637 | ||
| 005 | 20201002031324.0 | ||
| 008 | 130417s2008 dr 000 0 spa d | ||
| 040 |
_aDO-SdBNP _bspa _cBNPHU |
||
| 100 | 1 |
_aBáez Bisonó, Rafael _964970 |
|
| 245 | 1 | 0 |
_aFilosofía de la delincuencia : _bmodo de ser de quien riñe con la moral / _cRafael Báez Bisonó ; prólogo Francisco Acosta. |
| 260 |
_aSanto Domingo :, _cArte Antillas _c2008. |
||
| 700 | 1 |
_aAcosta, Francisco _epról. _964971 |
|
| 999 |
_c38127 _d38127 |
||